Martin Bauman
Saved in:
| 主要作者: | |
|---|---|
| 格式: | 图书 |
| 语言: | Undetermined |
| 出版: |
Milano
Mondadori
2003
|
| 标签: |
没有标签, 成为第一个标记此记录!
|
MARC
| LEADER | 00000nam a2200000Ia 4500 | ||
|---|---|---|---|
| 001 | 367 | ||
| 003 | NUMERAZIONE-ORIGINALE-BRESCIA | ||
| 005 | 20260206230752.0 | ||
| 008 | 260206s9999 xx 000 0 und d | ||
| 100 | |a Leavitt David | ||
| 245 | 0 | |a Martin Bauman | |
| 260 | |a Milano | ||
| 260 | |b Mondadori | ||
| 260 | |c 2003 | ||
| 500 | |a Oscar - Scrittori del Novecento | ||
| 942 | |2 ddc |c BK |n 0 | ||
| 952 | |0 0 |1 0 |2 ddc |4 0 |6 21 |7 0 |9 28565 |a BS |b BS |d 2026-02-06 |i 367 |l 0 |o 2-1-* |r 2026-02-06 22:40:38 |w 2026-02-06 |x [REVISIONARE] |y BK | ||
| 999 | |c 24230 |d 24230 | ||